000
00353pab a2200157 454500
008
180718b1999 xxu||||| |||| 00| 0 eng d
100
_a
Aarti
245
_a
Need to reform health sector
260
_c
1999
300
_a
p.9
362
_a
2 Apr
650
_a
Public health - India
650
_a
Health services
773
_a
Pioneer
909
_a
42328
999
_c
42328
_d
42328